Quiz Chiffres Romains - Statistiques

Statistiques générales
  • Ce quiz a été pris 195 fois
  • Le résultat moyen est 12 sur 15
Statistiques - réponses
Hint Réponse % Correct
CXI 111
98%
XCIX 99
90%
II 2
89%
LXXXVII 87
89%
CCCXLI 341
84%
CCXIX 219
79%
DCCXXXVIII 738
79%
XLIV 44
78%
CLIX 159
76%
MCDLXXXIV 1484
74%
MMDCXLIII 2643
72%
DCCCLXXXVIII 888
68%
CDXCIV 494
67%
CDXXXVI 436
64%
DCCLXIV 764
59%
Aucun quiz correspondant
Distribution des résultats
% des personnes avec chaque résultat
Percentile par nombre de réponses
Votre historique - résultats
Vous n’avez pas pris ce quiz